LIBRARY & INFORMATION CENTRE, KCAET, TAVANUR

ONLINE PUBLIC ACCESS CATALOGUE (OPAC)

Text book of geology / (Record no. 7164)

MARC details
000 -LEADER
fixed length control field 00385cam a2200157ua 4500
041 ## - LANGUAGE CODE
Language code of text/sound track or separate title eng
082 ## - DEWEY DECIMAL CLASSIFICATION NUMBER
Classification number 551
Item number MUK/TE
100 ## - MAIN ENTRY--AUTHOR NAME
Personal name Mukherjee, P K .
245 ## - TITLE STATEMENT
Title Text book of geology /
260 ## - PUBLICATION, DISTRIBUTION, ETC. (IMPRINT)
Place of publication Culcutta :
Name of publisher World press pvt ltd ,
Year of publication 1995.
300 ## - PHYSICAL DESCRIPTION
Number of Pages 548 ; .
942 ## - ADDED ENTRY ELEMENTS (KOHA)
Koha item type Books
Holdings
Withdrawn status Lost status Damaged status Home library Current library Date acquired Full call number Accession Number Koha item type
      KAUAET KAUAET 07/04/2012 551 MUK/TE 19404 Books
      KAUAET KAUAET 07/04/2012 551 MUK/TE 19495 Books
free website counter